[Event "8th RTU Open 2018"]
[Site "Riga"]
[Date "2018.08.07"]
[Round "3"]
[White "Anurag, Mhamal"]
[Black "Modler, Andreas"]
[Result "1/2-1/2"]
[WhiteElo "2484"]
[BlackElo "2278"]
[Annotator "TA"]
[PlyCount "87"]
[EventDate "2018.08.06"]
[EventType "swiss"]
[EventCountry "LAT"]
[SourceTitle "playchess.com"]
[Source "ChessBase"]
[SourceQuality "1"]

{[%evp 19,87,0,0,0,0,0,0,-5,14,14,13,0,0,0,0,8,19,12,16,10,45,42,51,53,68,51,63,35,100,93,97,97,97,90,101,105,162,63,63,63,63,63,63,63,63,50,59,66,65,65,75,48,86,0,0,0,0,-12,-12,-13,-13,-15,0,0,0,0,0,0,0,0]} 1. e4 c5 2. Nf3 e6 3. d4 cxd4 4. Nxd4 a6 5. c4 Nf6 6. Nc3 Bb4 7. Bd3 Nc6 8. Nxc6 dxc6 9. O-O e5 10. h3 O-O {LiveBook: 4 Games. B41: Sicilian: Kan Variation: 5 c4} 11. Be3 (11. a3 Bxc3 12. bxc3 Qa5 13. Qc2 Nd7 14. Be3 Nc5 15. Be2 Be6 16. f4 exf4 17. Rxf4 Nd7 18. Qb2 {1-0 (31) Munoz Pantoja,M (2496)-Beltran Rueda,S (2383) Barcelona 2012}) 11... Be6 12. Na4 Nd7 $146 ({Predecessor:} 12... b5 13. Nc5 Bxc5 14. Bxc5 bxc4 15. Be2 Qxd1 16. Rfxd1 Rfb8 17. Ba3 Rd8 18. f3 Ne8 19. Rac1 {½-½ (19) Takacs,G (2112)-Papp,T (2246) Hungary 2005}) 13. c5 Qh4 14. Qc2 Ba5 15. Bc4 Bxc4 16. Qxc4 Nf6 {[%cal Bd7f6,Bf6h5,Bh5f4][%mdl 32]} 17. f3 Rad8 18. Rfd1 Nh5 19. Qb3 Qe7 20. Nb6 $36 {[%mdl 2048] White has good play.} Nf4 21. Nc4 Qg5 {[%csl Gf4][%cal Rg5g2] [#]} 22. Bxf4 exf4 23. e5 Bc7 (23... Qe7 $14) 24. Qxb7 Bxe5 25. Nxe5 ({Much weaker is} 25. Qxc6 $6 Bd4+ 26. Kh2 Qxc5 $11) 25... Qxe5 26. Qxc6 Rc8 27. Qxa6 Rxc5 {[#]} (27... Qxc5+ $16 {was called for.} 28. Kh1 Rfe8) 28. Qd6 (28. b4 $1 $18 {[%cal Rb4c5]} Rc2 29. Kh1) 28... Qe3+ $14 29. Kh1 Rc2 30. Qd4 Qe2 {[%csl Gc2][%cal Re2g2]} 31. Rg1 Rxb2 32. a4 h6 33. Qxf4 Ra8 34. Qd4 Rd2 35. Qg4 g6 36. Rge1 ({White should try} 36. Qf4 $16) 36... Qf2 {...h5 is the strong threat.The position is equal.} 37. Rf1 Qd4 38. f4 {[%cal Bf3f4,Bf4f5][%mdl 32]} Rxa4 39. Rxa4 Qxa4 $11 {KQR-KQR} 40. Qc8+ Kg7 41. f5 {White threatens f6+ and mate.} Rd1 42. Qc3+ Kg8 43. Qc8+ Kg7 44. Qc3+ {Precision: White = 64%, Black = 70%.} 1/2-1/2

[Event "8th RTU Open 2018"]
[Site "Riga"]
[Date "2018.08.07"]
[Round "3"]
[White "Laurusas, Tomas"]
[Black "Stauskas, Lukas"]
[Result "1-0"]
[WhiteElo "2463"]
[BlackElo "2256"]
[Annotator "TA"]
[PlyCount "57"]
[EventDate "2018.08.06"]
[EventType "swiss"]
[EventCountry "LAT"]
[SourceTitle "playchess.com"]
[Source "ChessBase"]
[SourceQuality "1"]

{[%evp 18,57,39,43,37,41,35,22,33,43,41,19,41,48,48,60,58,43,51,70,65,59,63,64,66,56,60,67,191,191,193,186,286,285,285,285,265,265,261,277,270,270]} 1. d4 Nf6 2. c4 e6 3. Nf3 d5 4. g3 Bb4+ 5. Bd2 Bd6 (5... Be7 6. Bg2 O-O 7. O-O Nbd7 8. b4 c6 9. a4 Bd6 10. Qc2 e5 11. cxd5 cxd5 12. dxe5 Nxe5 13. Bc3 Re8 14. Nbd2 Nxf3+ 15. Bxf3 Bh3 {½-½ (58) So,W (2778)-Karjakin,S (2782) Stavanger 2018}) 6. Bg2 {E01: Catalan: Early deviations} O-O 7. O-O c6 8. Nc3 Nbd7 9. Qb3 dxc4 10. Qxc4 {LiveBook: 6 Games} e5 11. Rad1 Qe7 12. e4 exd4 13. Nxd4 {Strongly threatening Nf5.} Ne5 $146 14. Qb3 Bg4 15. f3 Bc5 16. Be3 Be6 17. Qc2 Bc4 18. Rf2 $36 {[%mdl 2048] aiming for Nf5. White has the initiative.} Rfd8 19. Na4 Bxd4 20. Rxd4 b5 21. Rxd8+ Rxd8 22. Nc5 Nd3 (22... Nfg4 $14 23. fxg4 Nxg4) 23. Nxd3 $1 $18 Rxd3 24. Bd2 $1 Qd7 (24... Qd8 {was called for.}) 25. b3 {White has a decisive advantage.} Be6 26. Bf1 $1 Rd4 {[#]} 27. Bc3 $1 Rd1 {[#]} 28. Bd2 $1 Ra1 29. Bc1 {Precision: White = 98%, Black = 47%.} 1-0

[Event "8th RTU Open 2018"]
[Site "Riga"]
[Date "2018.08.07"]
[Round "3"]
[White "Gorodetzky, David"]
[Black "Semjonovs, Ilja"]
[Result "1/2-1/2"]
[WhiteElo "2451"]
[BlackElo "2242"]
[Annotator "TA"]
[PlyCount "79"]
[EventDate "2018.08.06"]
[EventType "swiss"]
[EventCountry "LAT"]
[SourceTitle "playchess.com"]
[Source "ChessBase"]
[SourceQuality "1"]

{[%evp 34,79,1,10,75,72,69,75,75,75,75,69,78,76,67,68,60,66,80,77,67,0,0,0,0,0,0,0,0,0,0,0,0,0,0,0,0,0,0,0,0,0,0,0,0,0,0,0]} 1. Nf3 Nf6 2. b3 g6 3. Bb2 Bg7 4. g3 c5 5. c4 b6 6. Bg2 Bb7 7. O-O O-O 8. Nc3 d5 9. Nxd5 Nxd5 10. Bxg7 Kxg7 11. cxd5 Qxd5 12. d4 cxd4 13. Qxd4+ Qxd4 14. Nxd4 Bxg2 15. Kxg2 Rc8 16. Rac1 {A30: Englische Eröffnung (Symmetrische Variante)} Na6 17. a3 Nc5 18. b4 {LiveBook: 6 Partien} Ne6 $146 (18... Ne4 $11 {bleibt in der Remisbreite.}) ({Vorgänger:} 18... Ne4 19. Rc6 Rxc6 20. Nxc6 Kf8 21. Rd1 Ke8 22. Rd3 Nd6 23. Re3 Nf5 {0-1 (84) Geller,J (2526)-Ofitserian,B (2402) St Petersburg 2017}) 19. Nxe6+ $16 fxe6 {[%mdl 4096] Endspiel KTT-KTT} 20. Rfd1 Kf6 21. Rxc8 Rxc8 {KT-KT} 22. Rd7 a5 23. bxa5 bxa5 24. Ra7 Rc5 25. h4 h5 26. e3 e5 27. e4 (27. Kf3 $14) 27... Rc4 $11 {Die Stellung ist ausgeglichen.} 28. Rxa5 Rxe4 29. Kf1 Rc4 30. Ra8 Rc2 31. a4 {[%cal Ba3a4,Ba4a5,Ba5a6,Ba6a7][%mdl 32]} Ra2 32. a5 e4 {[%cal Be5e4,Be4e3,Be3e2][%mdl 32]} 33. a6 e3 34. a7 e2+ 35. Ke1 {[#] Und Tf8+ würde nun gewinnen.} Kg7 36. f3 Kh7 37. Kf2 Kg7 $1 38. g4 Kh7 39. g5 Kg7 $1 40. f4 {Precision: Weiß = 90%, Schwarz = 75%.} 1/2-1/2

[Event "8th RTU Open 2018"]
[Site "Riga"]
[Date "2018.08.07"]
[Round "3"]
[White "Merry, Alan B"]
[Black "Huber, Philipp"]
[Result "1/2-1/2"]
[WhiteElo "2445"]
[BlackElo "2189"]
[Annotator "TA"]
[PlyCount "67"]
[EventDate "2018.08.06"]
[EventType "swiss"]
[EventCountry "LAT"]
[SourceTitle "playchess.com"]
[Source "ChessBase"]
[SourceQuality "1"]

{[%evp 15,67,0,0,-16,-15,-18,-16,-20,1,-29,-33,-31,-24,-37,-22,-12,-18,-69,-47,-63,-44,-78,-75,-103,-84,-75,-63,-109,-110,-112,-87,-110,-57,-47,-45,-60,-40,-66,-25,-54,-61,-48,-58,-57,-45,-46,-47,-29,-32,-56,0,0,0,-43]} 1. e4 c5 2. Nf3 e6 3. g3 Nc6 4. Bg2 Nf6 5. d3 d6 6. O-O Be7 7. Nbd2 O-O 8. c3 Qc7 {LiveBook: 7 Games. B30: Sicilian: 2...Nc6 3 Bb5, lines without ...g6} (8... Rb8 9. d4 cxd4 10. cxd4 d5 11. e5 Ne4 12. Nb3 a5 13. Be3 a4 14. Nbd2 Nxd2 15. Qxd2 Na5 16. Bf4 Qb6 {0-1 (33) Malakhov,V (2694)-Gajewski,G (2654) Berlin 2015}) 9. a3 b5 $146 ({Predecessor:} 9... Bd7 10. d4 cxd4 11. cxd4 e5 12. Re1 Rfc8 13. h3 a5 14. Nf1 a4 15. Rb1 Na5 16. Bd2 {1-0 (40) Oratovsky,M (2445)-Mingarro Carceller,S (2323) La Roda 2018}) 10. b3 Bb7 11. Bb2 d5 12. Re1 dxe4 13. dxe4 Rfd8 14. Qe2 {[#]} c4 $1 {[%mdl 512]} 15. a4 (15. bxc4 bxc4) 15... bxa4 16. b4 (16. bxc4 $11 Qa5 17. Nb3) 16... Ba6 17. Rxa4 Bb5 $36 {[%mdl 2048] Black has the initiative.} 18. Ra2 a6 19. Qd1 Nd7 20. Qc2 Rac8 21. Nb1 Nde5 22. Nxe5 Nxe5 ({Much weaker is} 22... Qxe5 $6 23. Na3 $15) 23. Na3 Rd3 ({Black should play} 23... Bc6 $17 24. Bc1 Qb7) 24. Bc1 Bf6 25. Nb1 Rcd8 26. Be3 R3d7 27. Qe2 Nd3 28. Rf1 $1 {[#]} Nxb4 $1 {[%mdl 512]} 29. cxb4 {Strongly threatening Na3.} c3 30. Qc2 {next Bf4 is good for White.} Bd3 $1 {[%cal Rd3c2][%mdl 1024] Black has compensation.} (30... Bxf1 $6 31. Bxf1 Qd6 32. Nxc3 $16) 31. Qb3 $1 Bc4 $1 {[%cal Rc4b3]} 32. Qc2 Bd3 ({Reject} 32... Bxf1 33. Bxf1 Qd6 34. Rxa6 $16) 33. Qb3 $1 Bc4 34. Qc2 {Precision: White = 38%, Black = 60%.} 1/2-1/2

[Event "8th RTU Open 2018"]
[Site "Riga"]
[Date "2018.08.07"]
[Round "3"]
[White "Carlsson, Pontus"]
[Black "Thogersen, Rasmus"]
[Result "1-0"]
[WhiteElo "2442"]
[BlackElo "2275"]
[Annotator "TA"]
[PlyCount "91"]
[EventDate "2018.08.06"]
[EventType "swiss"]
[EventCountry "LAT"]
[SourceTitle "playchess.com"]
[Source "ChessBase"]
[SourceQuality "1"]

{[%evp 19,91,26,30,0,163,100,107,104,250,219,222,225,235,237,260,243,322,315,297,272,399,397,423,420,421,416,516,479,459,467,493,476,477,460,457,453,492,491,516,483,506,501,522,520,491,482,560,552,564,583,547,527,556,589,585,562,613,612,691,686,742,625,655,677,646,595,668,634,644,645,741,666,862,829]} 1. e4 c5 2. Nf3 d6 3. d4 cxd4 4. Nxd4 Nf6 5. Nc3 a6 6. Bg5 e6 7. f4 Be7 8. Qf3 Qc7 9. O-O-O O-O 10. Qg3 {B98: Sizilianisch (Najdorf-Variante)} (10. Kb1 Nc6 11. Qg3 Bd7 12. Be2 Rfc8 13. e5 dxe5 14. fxe5 Nxe5 15. Bf4 Bd6 16. Rhf1 Nc4 17. Bxd6 Qxd6 18. Qxd6 Nxd6 19. Nxe6 Rxc3 20. Rxd6 {½-½ (27) Papp,G (2607)-Debashis,D (2501) Caleta 2018}) 10... Nbd7 $1 {LiveBook: 10 Partien} 11. Re1 Rd8 $146 {[#]} (11... Kh8 $11) ({Vorgänger:} 11... Kh8 12. Kb1 b5 13. Bd3 Nc5 14. Re3 Ng8 15. Bxe7 Qxe7 16. Rf1 b4 17. Nce2 {1-0 (34) Boros,D (2494)-Padmini,R (2294) Budapest 2010}) 12. e5 $1 $18 {Weiß steht deutlich besser.} dxe5 13. fxe5 Nxe5 {[#]} (13... Nh5 $16 14. Qh4 Bxg5+ 15. Qxg5 g6) 14. Nf3 $1 $40 {[%mdl 128] Weiss will per K.O. gewinnen.} Nh5 15. Qxe5 Qxe5 16. Rxe5 f6 17. g4 fxe5 18. Bxe7 Re8 19. Bd6 ({Finger weg von} 19. gxh5 Rxe7 20. Nxe5 b5 $18) 19... Nf6 (19... Nf4 $142 20. Bxe5 Ng6) 20. Nxe5 Nd7 21. Bg2 Nxe5 22. Bxe5 Bd7 23. Bxb7 {Weiß steht klar auf Gewinn.} Ra7 24. Be4 Rc8 25. Rd1 Bc6 26. Bd3 Bf3 27. Rg1 h6 28. Rg3 Ba8 29. Re3 a5 30. a4 Rf7 31. Bg3 Bf3 32. Ne4 Rd8 33. g5 Bg4 34. gxh6 gxh6 35. Nd6 Rf3 36. Rxf3 Bxf3 37. Kd2 h5 38. Ke3 Bd1 39. Nc4 Rd5 40. Be5 Rc5 41. b3 h4 42. Kf4 Rc8 43. Kg5 h3 44. Kh4 Rf8 45. Kxh3 Rf2 46. Kg3 {Precision: Weiß = 91%, Schwarz = 30%.} 1-0

[Event "8th RTU Open 2018"]
[Site "Riga"]
[Date "2018.08.07"]
[Round "3"]
[White "Kjartansson, Gudmundur"]
[Black "Kusenkova, Natallia"]
[Result "1/2-1/2"]
[WhiteElo "2434"]
[BlackElo "2183"]
[Annotator "NA"]
[PlyCount "70"]
[EventDate "2018.08.06"]
[EventType "swiss"]
[EventCountry "LAT"]
[SourceTitle "playchess.com"]
[Source "ChessBase"]
[SourceQuality "1"]
[TimeControl "5400+30"]

1. Nf3 {[%emt 0:00:00]} d5 2. g3 Nf6 3. Bg2 e6 4. O-O Be7 5. c4 O-O 6. b3 c5 7. cxd5 exd5 8. d4 Nc6 9. Bb2 Be6 10. Nc3 Rc8 11. dxc5 Bxc5 12. Na4 Be7 13. Rc1 Qd6 14. Nc5 b6 15. Nxe6 fxe6 16. Nd4 Nxd4 17. Qxd4 Qd7 18. e4 Rxc1 19. Bxc1 Bc5 20. Qd1 Qf7 21. exd5 exd5 22. Qd3 Rd8 23. Bb2 d4 24. Re1 Kh8 25. Bc1 a5 26. Rd1 Nd5 27. Qc4 Qf5 28. Bxd5 Rxd5 29. Rd3 h6 30. a3 Rd8 31. b4 axb4 32. axb4 Bxb4 33. Rxd4 Rxd4 34. Qxd4 Bc5 35. Qd2 Kh7 1/2-1/2

[Event "8th RTU Open 2018"]
[Site "Riga"]
[Date "2018.08.07"]
[Round "3"]
[White "Pechac, Jergus"]
[Black "Bluebaum, Karl Ernst"]
[Result "1-0"]
[WhiteElo "2431"]
[BlackElo "2253"]
[Annotator "NA"]
[PlyCount "53"]
[EventDate "2018.08.06"]
[EventType "swiss"]
[EventCountry "LAT"]
[SourceTitle "playchess.com"]
[Source "ChessBase"]
[SourceQuality "1"]
[TimeControl "5400+30"]

1. d4 {[%emt 0:05:01]} d5 {[%emt 0:00:00]} 2. c4 {[%emt 0:00:07]} e6 {[%emt 0:00:00]} 3. Nc3 {[%emt 0:00:32]} Bb4 {[%emt 0:00:26]} 4. cxd5 {[%emt 0:00:33]} exd5 {[%emt 0:00:14]} 5. Bf4 {[%emt 0:00:05]} Nf6 {[%emt 0:04:54]} 6. e3 {[%emt 0:00:26]} O-O {[%emt 0:01:06]} 7. Rc1 {[%emt 0:10:56]} c6 {[%emt 0:24:53]} 8. Bd3 {[%emt 0:00:25]} Re8 {[%emt 0:01:08]} 9. h3 {[%emt 0:04:25]} Bd6 {[%emt 0:05:00]} 10. Nge2 {[%emt 0:01:28]} Bxf4 {[%emt 0:00:57]} 11. Nxf4 {[%emt 0:00:06]} Qd6 {[%emt 0:00:16]} 12. Qf3 {[%emt 0:06:41]} Nbd7 {[%emt 0:08:16]} 13. g4 {[%emt 0:00:17]} Nf8 {[%emt 0:09:29]} 14. g5 {[%emt 0:01:24]} N6d7 {[%emt 0:00:02]} 15. h4 {[%emt 0:01:03]} Ne6 {[%emt 0:03:20]} 16. Nce2 {[%emt 0:12:19]} Nxf4 {[%emt 0:15:57]} 17. Nxf4 {[%emt 0:00:07]} Rf8 {[%emt 0:02:48]} 18. Qg3 {[%emt 0:13:56]} f5 {[%emt 0:04:26]} 19. gxf6 {[%emt 0:03:21]} Nxf6 {[%emt 0:01:12]} 20. Rg1 {[%emt 0:01:00]} Qe7 {[%emt 0:06:16]} 21. h5 {[%emt 0:00:13]} Bg4 {[%emt 0:03:55]} 22. Qh4 {[%emt 0:02:51]} Qb4+ {[%emt 0:01:09]} 23. Kf1 {[%emt 0:00:50]} Qd2 {[%emt 0:02:43]} 24. Re1 {[%emt 0:08:30]} Bxh5 {[%emt 0:00:52]} 25. Bf5 {[%emt 0:00:29]} Bf3 {[%emt 0:02:33]} 26. Be6+ {[%emt 0:00:23]} Rf7 {[%emt 0:00:02]} 27. Qxf6 {[%emt 0:00:15]} 1-0

[Event "8th RTU Open 2018"]
[Site "Riga"]
[Date "2018.08.07"]
[Round "3"]
[White "Korchmar, Vasiliy"]
[Black "Jacobs, Florian"]
[Result "1-0"]
[WhiteElo "2415"]
[BlackElo "2255"]
[Annotator "NA"]
[PlyCount "63"]
[EventDate "2018.08.06"]
[EventType "swiss"]
[EventCountry "LAT"]
[SourceTitle "playchess.com"]
[Source "ChessBase"]
[SourceQuality "1"]
[TimeControl "5400+30"]

1. d4 {[%emt 0:00:00]} Nf6 {[%emt 0:00:00]} 2. c4 {[%emt 0:00:00]} e6 {[%emt 0:00:00]} 3. g3 {[%emt 0:00:00]} c5 {[%emt 0:00:00]} 4. d5 {[%emt 0:00:00]} exd5 {[%emt 0:00:00]} 5. cxd5 {[%emt 0:00:00]} d6 {[%emt 0:00:00]} 6. Nc3 {[%emt 0:00:00]} g6 {[%emt 0:00:05]} 7. Bg2 {[%emt 0:00:03]} Bg7 {[%emt 0:00:05]} 8. Nf3 {[%emt 0:00:04]} O-O {[%emt 0:00:08]} 9. O-O {[%emt 0:00:04]} a6 {[%emt 0:00:05]} 10. a4 {[%emt 0:00:05]} Nbd7 {[%emt 0:00:05]} 11. Bf4 {[%emt 0:00:06]} Qc7 {[%emt 0:00:29]} 12. Rc1 {[%emt 0:04:54]} Re8 {[%emt 0:04:54]} 13. h3 {[%emt 0:10:33]} Ne4 {[%emt 0:10:30]} 14. Nxe4 {[%emt 0:01:07]} Rxe4 {[%emt 0:00:05]} 15. Nd2 {[%emt 0:01:07]} Rxf4 {[%emt 0:01:18]} 16. gxf4 {[%emt 0:00:05]} Bxb2 {[%emt 0:00:06]} 17. Rb1 {[%emt 0:02:04]} Bg7 {[%emt 0:00:06]} 18. Nc4 {[%emt 0:03:28]} b6 {[%emt 0:10:53]} 19. Rb3 {[%emt 0:14:22]} Rb8 {[%emt 0:27:32]} 20. Qb1 {[%emt 0:00:07]} Rb7 {[%emt 0:00:41]} 21. Re1 {[%emt 0:06:52]} Qb8 {[%emt 0:06:25]} 22. e4 {[%emt 0:01:41]} Bd4 {[%emt 0:07:32]} 23. Re2 {[%emt 0:15:19]} Kg7 {[%emt 0:01:08]} 24. h4 {[%emt 0:00:59]} h5 {[%emt 0:03:03]} 25. Qe1 {[%emt 0:14:50]} Nf6 {[%emt 0:06:24]} 26. e5 {[%emt 0:04:47]} dxe5 {[%emt 0:00:45]} 27. fxe5 {[%emt 0:00:03]} Ng4 {[%emt 0:00:15]} 28. Nd6 {[%emt 0:01:04]} Bxe5 {[%emt 0:12:04]} 29. Nxb7 {[%emt 0:01:17]} Bxb7 {[%emt 0:00:50]} 30. Rxe5 {[%emt 0:01:28]} Nxe5 {[%emt 0:00:22]} 31. Rxb6 {[%emt 0:00:17]} Qc7 {[%emt 0:05:02]} 32. Rxb7 {[%emt 0:02:14]} 1-0

[Event "8th RTU Open 2018"]
[Site "Riga"]
[Date "2018.08.07"]
[Round "3"]
[White "Fenil, Shah"]
[Black "Povilaitis, Tomas"]
[Result "1/2-1/2"]
[WhiteElo "2412"]
[BlackElo "1804"]
[Annotator "NA"]
[PlyCount "39"]
[EventDate "2018.08.06"]
[EventType "swiss"]
[EventCountry "LAT"]
[SourceTitle "playchess.com"]
[Source "ChessBase"]
[SourceQuality "1"]
[TimeControl "5400+30"]

1. d4 {[%emt 0:00:00]} Nf6 {[%emt 0:04:09]} 2. Nf3 {[%emt 0:00:44]} d5 {[%emt 0:00:45]} 3. e3 {[%emt 0:03:19]} Bf5 {[%emt 0:01:12]} 4. c4 {[%emt 0:01:22]} e6 {[%emt 0:00:48]} 5. Nc3 {[%emt 0:00:11]} c6 {[%emt 0:00:11]} 6. Qb3 {[%emt 0:01:13]} Qb6 {[%emt 0:02:36]} 7. c5 {[%emt 0:07:24]} Qc7 {[%emt 0:01:37]} 8. Qa4 {[%emt 0:06:50]} Be7 {[%emt 0:04:22]} 9. b4 {[%emt 0:04:16]} O-O {[%emt 0:01:16]} 10. b5 Nbd7 {[%emt 0:01:13]} 11. Bb2 {[%emt 0:08:01]} h6 {[%emt 0:04:29]} 12. h3 {[%emt 0:01:44]} e5 {[%emt 0:11:48]} 13. Be2 {[%emt 0:03:28]} exd4 {[%emt 0:01:51]} 14. exd4 {[%emt 0:00:30]} Ne4 {[%emt 0:03:20]} 15. O-O {[%emt 0:04:04]} Ng5 {[%emt 0:01:59]} 16. Rfe1 {[%emt 0:08:17]} Rfe8 {[%emt 0:02:26]} 17. bxc6 {[%emt 0:03:25]} bxc6 {[%emt 0:01:01]} 18. Ba3 {[%emt 0:08:26]} Bf6 {[%emt 0:03:04]} 19. Rad1 {[%emt 0:06:19]} Re6 {[%emt 0:03:30]} 20. Bb4 {[%emt 0:14:51]} 1/2-1/2

[Event "8th RTU Open 2018"]
[Site "Riga"]
[Date "2018.08.07"]
[Round "3"]
[White "Seeman, Tarvo"]
[Black "Juknis, Paulius"]
[Result "1-0"]
[WhiteElo "2405"]
[BlackElo "2231"]
[Annotator "NA"]
[PlyCount "95"]
[EventDate "2018.08.06"]
[EventType "swiss"]
[EventCountry "LAT"]
[SourceTitle "playchess.com"]
[Source "ChessBase"]
[SourceQuality "1"]
[TimeControl "5400+30"]

1. Nf3 {[%emt 0:01:27]} c5 {[%emt 0:00:00]} 2. b3 {[%emt 0:01:22]} Nf6 {[%emt 0:01:31]} 3. Bb2 {[%emt 0:00:53]} e6 {[%emt 0:00:34]} 4. e3 {[%emt 0:02:01]} b6 {[%emt 0:07:35]} 5. d4 {[%emt 0:04:05]} Bb7 {[%emt 0:05:32]} 6. Bd3 {[%emt 0:00:11]} Be7 {[%emt 0:01:23]} 7. O-O {[%emt 0:01:41]} O-O {[%emt 0:00:34]} 8. Nbd2 {[%emt 0:03:23]} d6 {[%emt 0:02:55]} 9. c4 {[%emt 0:06:26]} Nbd7 {[%emt 0:09:38]} 10. Qe2 {[%emt 0:05:05]} Re8 {[%emt 0:03:30]} 11. Rad1 {[%emt 0:01:18]} Qc7 {[%emt 0:02:13]} 12. Bb1 {[%emt 0:06:20]} Nf8 {[%emt 0:03:38]} 13. Ng5 {[%emt 0:05:32]} cxd4 {[%emt 0:06:40]} 14. Bxd4 {[%emt 0:01:56]} e5 {[%emt 0:04:45]} 15. Bb2 {[%emt 0:00:08]} Ng6 {[%emt 0:03:34]} 16. Nde4 {[%emt 0:04:38]} Nxe4 {[%emt 0:10:37]} 17. Nxe4 {[%emt 0:00:09]} b5 {[%emt 0:00:38]} 18. cxb5 {[%emt 0:05:06]} d5 {[%emt 0:00:15]} 19. Ng3 {[%emt 0:04:44]} Qb6 {[%emt 0:03:48]} 20. Bxg6 {[%emt 0:01:21]} hxg6 {[%emt 0:00:31]} 21. Bxe5 {[%emt 0:00:10]} a6 {[%emt 0:00:16]} 22. Bd4 {[%emt 0:00:13]} Qxb5 {[%emt 0:00:29]} 23. Qb2 {[%emt 0:03:23]} f6 {[%emt 0:03:41]} 24. Rc1 {[%emt 0:07:25]} Qd7 {[%emt 0:08:00]} 25. Qc2 {[%emt 0:02:51]} Kf7 {[%emt 0:00:17]} 26. Qc7 {[%emt 0:00:37]} Rad8 {[%emt 0:02:04]} 27. Ne2 {[%emt 0:02:56]} Bd6 {[%emt 0:00:26]} 28. Qxd7+ {[%emt 0:00:11]} Rxd7 {[%emt 0:00:02]} 29. h3 {[%emt 0:00:49]} g5 {[%emt 0:01:02]} 30. Rfd1 {[%emt 0:01:36]} f5 {[%emt 0:01:16]} 31. Bc5 {[%emt 0:02:26]} Be5 {[%emt 0:00:32]} 32. Nd4 {[%emt 0:00:35]} f4 {[%emt 0:06:45]} 33. Nf3 {[%emt 0:00:22]} fxe3 {[%emt 0:00:55]} 34. Bxe3 {[%emt 0:00:29]} Bf4 {[%emt 0:01:08]} 35. Nxg5+ {[%emt 0:02:02]} Bxg5 {[%emt 0:00:06]} 36. Bxg5 {[%emt 0:00:05]} d4 {[%emt 0:00:28]} 37. Be3 {[%emt 0:01:59]} d3 {[%emt 0:01:03]} 38. Rc4 {[%emt 0:02:10]} Be4 {[%emt 0:03:15]} 39. Kh2 {[%emt 0:01:19]} Re6 {[%emt 0:01:59]} 40. Rd2 {[%emt 0:01:08]} Kf6 {[%emt 0:02:21]} 41. g4 {[%emt 0:00:52]} g6 {[%emt 0:01:18]} 42. Kg3 {[%emt 0:00:11]} Ke7 {[%emt 0:02:44]} 43. h4 {[%emt 0:00:20]} Kf7 {[%emt 0:00:49]} 44. Rd4 {[%emt 0:03:22]} Rxd4 {[%emt 0:00:15]} 45. Bxd4 {[%emt 0:00:06]} Rd6 {[%emt 0:00:27]} 46. Be5 {[%emt 0:01:52]} Rc6 {[%emt 0:00:53]} 47. f3 {[%emt 0:00:29]} Ke6 {[%emt 0:00:06]} 48. Bf4 1-0

[Event "8th RTU Open 2018"]
[Site "Riga"]
[Date "2018.08.07"]
[Round "3"]
[White "Kreisl, Robert"]
[Black "Schroeder, Jan Christian"]
[Result "1/2-1/2"]
[WhiteElo "2404"]
[BlackElo "2573"]
[Annotator "TA"]
[PlyCount "96"]
[EventDate "2018.08.06"]
[EventType "swiss"]
[EventCountry "LAT"]
[SourceTitle "playchess.com"]
[Source "ChessBase"]
[SourceQuality "1"]

{[%evp 17,96,24,25,11,12,11,10,6,12,18,36,30,25,13,16,14,16,16,29,0,21,0,45,7,8,0,0,0,0,0,0,0,0,-6,0,0,0,0,0,0,0,0,0,-21,-14,-47,-47,-47,-47,-47,-45,-39,-38,-45,-32,-32,-31,-31,-4,-32,-32,-38,-38,-38,0,-38,-38,-38,-38,-38,-38,-38,-38,-38,-38,-38,0,-38,0,-38,0]} 1. Nf3 d5 2. g3 Nf6 3. Bg2 Bg4 4. O-O e6 5. c4 Nbd7 6. cxd5 exd5 7. h3 {A07: Réti Opening: New York and Capablanca Systems} Bh5 8. d4 c6 9. Qb3 (9. Ne5 Ne4 10. Nd2 Nxd2 11. Bxd2 Nxe5 12. dxe5 Bc5 13. Kh2 O-O {½-½ (32) Svidler,P (2768)-Karjakin,S (2753) Wijk aan Zee 2018}) 9... Nb6 {LiveBook: 8 Games} 10. Nc3 Bxf3 $146 ({Predecessor:} 10... Be7 11. Ne5 Nfd7 12. Nd3 O-O 13. a4 a5 {1-0 (69) Bluebaum,M (2640)-Cruz Lledo,P (2415) Stockholm 2017}) 11. Bxf3 Be7 12. Bf4 O-O 13. Rad1 Qd7 14. Kg2 Rfe8 15. Be5 Qe6 16. Rfe1 Nfd7 17. Bf4 Nf6 18. Be5 Nfd7 19. Bf4 g6 20. e4 (20. h4 {keeps more tension.} Nf6 21. Bc7 Bd8 22. Be5 h5 23. Kg1) 20... dxe4 21. Rxe4 Qxb3 22. axb3 {[#] Strongly threatening Rde1.} Nf6 23. Re2 Bf8 24. Rxe8 Rxe8 25. Be5 Bg7 26. Bxf6 Bxf6 27. d5 cxd5 28. Nxd5 Nxd5 29. Rxd5 $11 {[%mdl 4096] Endgame KRB-KRB} Re7 30. Rd8+ Kg7 31. Rb8 (31. Rd2 {is interesting.} Rc7 32. h4 Be7 33. h5 Bg5 34. Rd3) 31... b6 32. Rb7 Rxb7 33. Bxb7 Bxb2 $15 {KB-KB} 34. f4 h5 {[%cal Bh7h5,Bh5h4][%mdl 32]} 35. g4 h4 36. g5 Kf8 37. Kf3 Bc3 38. Kg4 f5+ 39. gxf6 Bxf6 40. Ba6 Kg7 41. Bd3 Be7 42. Ba6 Kh6 43. Bd3 a5 44. Bb5 Bd6 45. Bd3 Bc7 46. Bb5 Bd6 47. Bd3 Bc7 48. Bb5 Bd6 {Precision: White = 63%, Black = 65%.} 1/2-1/2